[Event "Solingen Karneval op"]
[Site "Solingen"]
[Date "2013.02.10"]
[Round "4"]
[White "Taeger, Torsten"]
[Black "Ringeltaube, Denny"]
[Result "1-0"]
[WhiteElo "2079"]
[BlackElo "1771"]
[PlyCount "56"]
[EventDate "2013.02.08"]
[EventType "swiss"]
[EventRounds "5"]
[EventCountry "GER"]
[SourceTitle "EXT 2015"]
[Source "ChessBase"]
[SourceDate "2014.11.20"]
[SourceVersion "1"]
[SourceVersionDate "2014.11.20"]
[SourceQuality "1"]

1. e4 c5 2. Nc3 Nc6 3. f4 d6 4. Nf3 Bg4 5. Bb5 a6 6. Bxc6+ bxc6 7. 0-0 g6 8. h3 Bd7 9. f5 Bg7 10. d3 Nf6 11. fxg6 hxg6 12. Qe1 Qc7 13. e5 Nd5 14. exd6 Qxd6 15. Ne4 Qc7 16. c3 0-0-0 17. Nxc5 Bxh3 18. d4 Bxg2 19. Kxg2 Nf4+ 20. Bxf4 Qxf4 21. Qxe7 Qg4+ 22. Kf2 Rh2+ 23. Nxh2 Bxd4+ 24. cxd4 Qxd4+ 25. Qe3 Qxb2+ 26. Kg1 Rd2 27. Qe8+ Kc7 28. Rxf7+ Kb6 1-0

[Event "Solingen Karneval op"]
[Site "Solingen"]
[Date "2012.02.19"]
[Round "5"]
[White "Speck, Stefan"]
[Black "Taeger, Torsten"]
[Result "0-1"]
[WhiteElo "1983"]
[BlackElo "2095"]
[PlyCount "68"]
[EventDate "2012.02.17"]
[EventType "swiss"]
[EventRounds "5"]
[EventCountry "GER"]
[SourceTitle "EXT 2015"]
[Source "ChessBase"]
[SourceDate "2014.11.20"]
[SourceVersion "1"]
[SourceVersionDate "2014.11.20"]
[SourceQuality "1"]

1. d4 g6 2. c4 Bg7 3. Nc3 d6 4. e4 Nc6 5. Be3 Nf6 6. h3 0-0 7. Nf3 e5 8. d5 Ne7 9. Qd2 Nxe4 10. Nxe4 f5 11. Nxd6 cxd6 12. Bh6 f4 13. Bxg7 Kxg7 14. Bd3 b6 15. 0-0-0 Nf5 16. h4 h6 17. Kb1 Ne7 18. Qe2 Bf5 19. Be4 Qd7 20. Ka1 Rac8 21. Rhg1 Ng8 22. g4 fxg3 23. Rxg3 Bxe4 24. Qxe4 Qf5 25. Qe2 Kh7 26. Rdg1 Ne7 27. h5 Qxh5 28. b3 Rf5 29. Qe3 Rcf8 30. Nd4 exd4 31. Qxe7+ R8f7 32. Qxd6 R5f6 33. Qd8 Qe2 34. R3g2 d3 0-1

[Event "Cologne Longerich op 7th"]
[Site "Cologne"]
[Date "2010.08.01"]
[Round "4"]
[White "Wolfradt, Dirk"]
[Black "Taeger, Torsten"]
[Result "0-1"]
[WhiteElo "2069"]
[BlackElo "1984"]
[PlyCount "84"]
[EventDate "2010.07.30"]
[EventType "swiss"]
[EventRounds "5"]
[EventCountry "GER"]
[SourceTitle "EXT 2011"]
[Source "ChessBase"]
[SourceDate "2010.11.26"]
[SourceVersion "1"]
[SourceVersionDate "2010.11.26"]
[SourceQuality "1"]

1. d4 g6 2. c4 Bg7 3. Nc3 d6 4. g3 Nd7 5. Bg2 Ngf6 6. Nf3 0-0 7. 0-0 e5 8. d5 a5 9. b3 Nc5 10. Bb2 Ng4 11. h3 Nh6 12. a3 f5 13. b4 axb4 14. axb4 Rxa1 15. Bxa1 Ne4 16. Nd2 Nxd2 17. Qxd2 Nf7 18. f4 Bh6 19. e3 g5 20. Ne2 Qe7 21. Kh2 Nh8 22. fxe5 dxe5 23. c5 Rd8 24. Qc3 Bg7 25. e4 f4 26. gxf4 gxf4 27. Rg1 Qh4 28. Qe1 Qh5 29. Nxf4 Qh6 30. Nd3 Ng6 31. Qg3 Re8 32. Bc3 Bf6 33. Bf1 Kh8 34. Rg2 Bh4 35. Qf3 Bg5 36. Rf2 Rf8 37. Nxe5 Kg8 38. Nf7 Qh4 39. Kh1 Bf4 40. Bc4 Kxf7 41. d6+ Ke8 42. e5 Bxh3 0-1

[Event "Solingen Karneval op"]
[Site "Solingen"]
[Date "2010.02.13"]
[Round "2"]
[White "Taeger, Torsten"]
[Black "Henrichs, Thomas"]
[Result "0-1"]
[WhiteElo "2120"]
[BlackElo "2471"]
[PlyCount "84"]
[EventDate "2010.02.12"]
[EventType "swiss"]
[EventRounds "5"]
[EventCountry "GER"]
[SourceTitle "CBM 134 Extra"]
[Source "ChessBase"]
[SourceDate "2010.03.03"]
[SourceVersion "1"]
[SourceVersionDate "2010.03.03"]
[SourceQuality "1"]

1. e4 c5 2. Nc3 Nc6 3. f4 g6 4. Nf3 Bg7 5. Bb5 Nd4 6. 0-0 Nxb5 7. Nxb5 d5 8. e5 d4 9. d3 Nh6 10. c3 dxc3 11. bxc3 0-0 12. a4 b6 13. Qe2 Bd7 14. c4 Bc6 15. Bb2 Qc8 16. Nh4 Qg4 17. Qxg4 Nxg4 18. Rae1 Rfd8 19. h3 Nh6 20. Re3 a6 21. Nc3 f6 22. g4 fxe5 23. fxe5 Nf7 24. Nf3 Bh6 25. g5 Nxg5 26. Nxg5 Bxg5 27. Rg3 Bh6 28. h4 Bg7 29. Re1 Bh6 30. Rf1 Bd2 31. h5 Rf8 32. hxg6 Rxf1+ 33. Kxf1 h6 34. Ke2 Bf4 35. Rh3 e6 36. Ne4 Kg7 37. Nf6 Kxg6 38. d4 cxd4 39. Bxd4 Rd8 40. Bxb6 Rd2+ 41. Ke1 Rc2 42. a5 Rxc4 0-1

[Event "Hessen-ch qual-A+B"]
[Site "Erlensee"]
[Date "2007.04.07"]
[Round "7"]
[White "Taeger, Torsten"]
[Black "Bahlke, Wolfgang"]
[Result "1-0"]
[WhiteElo "2147"]
[BlackElo "2071"]
[PlyCount "77"]
[EventDate "2007.04.04"]
[EventType "swiss"]
[EventRounds "7"]
[EventCountry "GER"]
[SourceTitle "CBM 117 Extra"]
[Source "ChessBase"]
[SourceDate "2007.05.09"]
[SourceVersion "1"]
[SourceVersionDate "2007.05.09"]
[SourceQuality "1"]

1. e4 c5 2. Nc3 e6 3. f4 a6 4. a4 d5 5. e5 Nc6 6. Nf3 Nge7 7. b3 Nf5 8. Bd3 Nh4 9. 0-0 Nxf3+ 10. Qxf3 b6 11. Bb2 g6 12. Nd1 Nd4 13. Qf2 h5 14. Bxd4 cxd4 15. Qg3 Bb4 16. Qe1 Kf8 17. Nf2 Kg7 18. Nh3 Be7 19. Kh1 Bh4 20. Qe2 Ra7 21. Ng1 Be7 22. Nf3 Bc5 23. Qf2 h4 24. Nxd4 h3 25. g3 Rc7 26. c3 f6 27. b4 Bxd4 28. Qxd4 Rf7 29. Kg1 Bb7 30. a5 b5 31. exf6+ Rxf6 32. Rfe1 Kf7 33. Re5 Bc8 34. Rae1 Re8 35. g4 Re7 36. g5 Rf5 37. Bxf5 gxf5 38. R5e3 Qh8 39. Qxh8 1-0

[Event "Hessen-ch qual-A+B"]
[Site "Erlensee"]
[Date "2007.04.05"]
[Round "2"]
[White "Domanski, Markus"]
[Black "Taeger, Torsten"]
[Result "1/2-1/2"]
[WhiteElo "2064"]
[BlackElo "2147"]
[PlyCount "82"]
[EventDate "2007.04.04"]
[EventType "swiss"]
[EventRounds "7"]
[EventCountry "GER"]
[SourceTitle "CBM 117 Extra"]
[Source "ChessBase"]
[SourceDate "2007.05.09"]
[SourceVersion "1"]
[SourceVersionDate "2007.05.09"]
[SourceQuality "1"]

1. d4 g6 2. e4 Bg7 3. c4 d6 4. Nc3 Nf6 5. Nf3 0-0 6. Be2 e5 7. 0-0 Na6 8. Re1 exd4 9. Nxd4 Nc5 10. Bf1 a5 11. Ndb5 Bd7 12. Bg5 Ne6 13. Bh4 h5 14. h3 Qc8 15. Qc2 Re8 16. e5 dxe5 17. Rxe5 Nf8 18. Rxe8 Nxe8 19. Nd5 Kh7 20. Bg3 Ne6 21. Rd1 Bc6 22. Ne7 Qb8 23. Bd3 Nf8 24. Qe2 Kh8 25. Bxg6 fxg6 26. Nxg6+ Nxg6 27. Qxh5+ Kg8 28. Qxg6 Bxb5 29. Qe6+ Kh8 30. cxb5 Qc8 31. Qf7 Nd6 32. Bxd6 cxd6 33. Qh5+ Kg8 34. Qd5+ Kh7 35. Qh5+ Kg8 36. Qd5+ Kf8 37. Qxd6+ Kg8 38. Qd5+ Kh8 39. Qh5+ Kg8 40. Qd5+ Kh7 41. Qf7 Qe8 1/2-1/2

[Event "Karl Mala Memorial op 10th"]
[Site "Griesheim"]
[Date "2006.07.23"]
[Round "7"]
[White "Taeger, Torsten"]
[Black "Kannenberg, Carl Friedrich"]
[Result "1-0"]
[WhiteElo "2147"]
[BlackElo "1984"]
[PlyCount "63"]
[EventDate "2006.07.20"]
[EventType "swiss"]
[EventRounds "7"]
[EventCountry "GER"]
[SourceTitle "CBM 113 Extra"]
[Source "ChessBase"]
[SourceDate "2006.09.14"]
[SourceVersion "1"]
[SourceVersionDate "2006.09.14"]
[SourceQuality "1"]

1. e4 e5 2. Nf3 Nc6 3. Bb5 a6 4. Bxc6 dxc6 5. Nc3 Bd6 6. d4 Bg4 7. dxe5 Bxf3 8. Qxf3 Bxe5 9. Bd2 Qf6 10. Qe2 Ne7 11. 0-0-0 0-0-0 12. Kb1 Ng6 13. g3 Qe7 14. f4 Bd4 15. Qc4 Rd7 16. Bc1 Rhd8 17. e5 Nf8 18. Rhe1 Qc5 19. Qxc5 Bxc5 20. Rxd7 Rxd7 21. Ne4 Bb6 22. c3 Kd8 23. Kc2 Ne6 24. b4 a5 25. f5 Nf8 26. bxa5 Ba7 27. Ba3 Ke8 28. Bc5 b6 29. axb6 cxb6 30. Be3 Rd5 31. Nd6+ Kd7 32. Nxf7 1-0

[Event "Karl Mala Memorial op 10th"]
[Site "Griesheim"]
[Date "2006.07.22"]
[Round "4"]
[White "Kemeny, Matthias"]
[Black "Taeger, Torsten"]
[Result "1-0"]
[WhiteElo "2011"]
[BlackElo "2147"]
[PlyCount "119"]
[EventDate "2006.07.20"]
[EventType "swiss"]
[EventRounds "7"]
[EventCountry "GER"]
[SourceTitle "CBM 113 Extra"]
[Source "ChessBase"]
[SourceDate "2006.09.14"]
[SourceVersion "1"]
[SourceVersionDate "2006.09.14"]
[SourceQuality "1"]

1. e4 d6 2. d4 g6 3. f4 Bg7 4. Nf3 Nf6 5. Nc3 c5 6. Bb5+ Bd7 7. Bxd7+ Nfxd7 8. Be3 Nc6 9. 0-0 0-0 10. Qd2 Qb6 11. Nd5 Qd8 12. f5 cxd4 13. Nxd4 Nce5 14. Qe2 Nc6 15. Rad1 a6 16. c3 Re8 17. Bg5 Nxd4 18. cxd4 Nf6 19. fxg6 hxg6 20. Qf3 Rf8 21. Nxf6+ exf6 22. Bxf6 Bxf6 23. Qxf6 Qxf6 24. Rxf6 Rad8 25. Rc1 Rd7 26. Kf2 Re8 27. Kf3 Kg7 28. Rf4 Ree7 29. Ke3 Rc7 30. Rc3 b5 31. a3 a5 32. Kd3 f6 33. Rf2 Kf7 34. Rfc2 Rb7 35. Rc6 Red7 36. Ra6 a4 37. Rcc6 Ke7 38. Ke3 Ke6 39. h4 Ke7 40. Kf4 Rbc7 41. g4 Rxc6 42. Rxc6 Rb7 43. e5 dxe5+ 44. dxe5 g5+ 45. hxg5 fxe5+ 46. Kxe5 b4 47. Ra6 bxa3 48. bxa3 Rb5+ 49. Kf4 Kf7 50. Rxa4 Kg7 51. Ra7+ Kg6 52. Ra6+ Kg7 53. a4 Rc5 54. Ra8 Kg6 55. a5 Rc4+ 56. Kf3 Kxg5 57. a6 Ra4 58. a7 Ra3+ 59. Ke4 Kxg4 60. Rg8+ 1-0

[Event "Hessenliga 0506"]
[Site "Germany"]
[Date "2005.11.06"]
[Round "4.1"]
[White "Mueller, Michael"]
[Black "Taeger, Torsten"]
[Result "1/2-1/2"]
[WhiteElo "2234"]
[BlackElo "2132"]
[PlyCount "120"]
[EventDate "2005.09.11"]
[EventType "team-tourn"]
[EventRounds "11"]
[EventCountry "GER"]
[SourceTitle "EXT 2007"]
[Source "ChessBase"]
[SourceDate "2006.11.23"]
[SourceVersion "1"]
[SourceVersionDate "2006.11.23"]
[SourceQuality "1"]
[WhiteTeam "Biebertal"]
[BlackTeam "Limburg"]
[WhiteTeamCountry "GER"]
[BlackTeamCountry "GER"]

1. d4 g6 2. Nf3 Bg7 3. g3 d6 4. Bg2 Nf6 5. 0-0 0-0 6. c4 Nbd7 7. Nc3 e5 8. dxe5 dxe5 9. e4 c6 10. Qc2 Qe7 11. b3 Re8 12. Bb2 Nc5 13. Rad1 Bg4 14. h3 Bxf3 15. Bxf3 Rad8 16. Rxd8 Rxd8 17. Rd1 Rd4 18. Ba3 Bf8 19. Ne2 Rd7 20. Nc3 Qd8 21. Rxd7 Qxd7 22. Bg2 Qd4 23. Bc1 b6 24. Be3 Qd7 25. Qd2 Qc7 26. Kh2 Ne6 27. f4 exf4 28. Bxf4 Nxf4 29. Qxf4 Qxf4 30. gxf4 Bh6 31. f5 Bf4+ 32. Kg1 Nd7 33. Ne2 Be3+ 34. Kh2 Ne5 35. Kg3 f6 36. fxg6 hxg6 37. h4 Kf7 38. Bh3 Ke7 39. h5 gxh5 40. Kh4 Nf7 41. Kxh5 Ng5 42. Bg2 Kd6 43. e5+ fxe5 44. Ng3 Bf4 45. Ne4+ Nxe4 46. Bxe4 Kc5 47. Kg4 Bd2 48. Kf5 Bc3 49. Bf3 b5 50. cxb5 cxb5 51. a4 Kb4 52. axb5 Kxb3 53. Bc6 Kb4 54. Ke4 Kc5 55. Be8 Bd4 56. Bd7 Kd6 57. Be8 Kc7 58. Bh5 Kd7 59. Be2 Kd6 60. Bf1 Kc5 1/2-1/2

[Event "Karl Mala Memorial op 09th"]
[Site "Frankfurt"]
[Date "2005.07.31"]
[Round "6"]
[White "Taeger, Torsten"]
[Black "Becker, Martin Alexander"]
[Result "1/2-1/2"]
[WhiteElo "2132"]
[BlackElo "2310"]
[PlyCount "58"]
[EventDate "2005.07.28"]
[EventType "swiss"]
[EventRounds "7"]
[EventCountry "GER"]
[SourceTitle "EXT 2006"]
[Source "ChessBase"]
[SourceDate "2005.11.24"]
[SourceVersion "1"]
[SourceVersionDate "2005.11.24"]
[SourceQuality "1"]

1. e4 c5 2. Nc3 Nc6 3. f4 g6 4. Nf3 Bg7 5. Bb5 Nd4 6. 0-0 Nxb5 7. Nxb5 d5 8. d3 Nf6 9. Qe2 d4 10. b3 a6 11. Na3 b5 12. Nb1 Nd7 13. a4 Bb7 14. axb5 axb5 15. Rxa8 Qxa8 16. Nbd2 Qa2 17. Ne1 Qa1 18. Nef3 Qa2 19. Ne1 e5 20. Ndf3 Bh6 21. Qf2 Qa1 22. Bd2 Bxf4 23. Bxf4 exf4 24. Qd2 0-0 25. Qxf4 Qa6 26. Ne5 Qe6 27. Nxd7 Qxd7 28. Qf6 Ra8 29. Nf3 Qd8 1/2-1/2

[Event "Rhein Main op 08th"]
[Site "Bad Homburg"]
[Date "2005.05.30"]
[Round "7"]
[White "Taeger, Torsten"]
[Black "Weise, Martin"]
[Result "1/2-1/2"]
[WhiteElo "2132"]
[BlackElo "2180"]
[PlyCount "38"]
[EventDate "2005.05.25"]
[EventType "swiss"]
[EventRounds "7"]
[EventCountry "GER"]
[SourceTitle "EXT 2006"]
[Source "ChessBase"]
[SourceDate "2005.11.24"]
[SourceVersion "1"]
[SourceVersionDate "2005.11.24"]
[SourceQuality "1"]

1. e4 e6 2. d3 d5 3. Nd2 Nf6 4. Ngf3 Nc6 5. g3 dxe4 6. dxe4 e5 7. Bg2 Bc5 8. 0-0 0-0 9. Qe2 a5 10. Nc4 Qe8 11. a4 b6 12. c3 Ba6 13. b3 Qe6 14. Nfd2 Rfd8 15. Ba3 Bxa3 16. Rxa3 b5 17. axb5 Bxb5 18. Rfa1 Rdb8 19. Nf1 a4 1/2-1/2

[Event "Bad Ems op"]
[Site "Bad Ems"]
[Date "2005.02.17"]
[Round "7"]
[White "Drabke, Lorenz Maximilian"]
[Black "Taeger, Torsten"]
[Result "1-0"]
[WhiteElo "2405"]
[BlackElo "2147"]
[PlyCount "71"]
[EventDate "2005.02.12"]
[EventType "swiss"]
[EventRounds "9"]
[EventCountry "GER"]
[SourceTitle "EXT 2008"]
[Source "ChessBase"]
[SourceDate "2007.11.25"]
[SourceVersion "1"]
[SourceVersionDate "2007.11.25"]
[SourceQuality "1"]

1. e4 d6 2. d4 Nf6 3. Nc3 g6 4. Be3 c6 5. Qd2 Qa5 6. h3 Bg7 7. Nf3 0-0 8. Bd3 Nbd7 9. 0-0 Re8 10. a4 e5 11. Rfd1 Nf8 12. d5 c5 13. b4 cxb4 14. Nb5 Rd8 15. Rdb1 a6 16. Na3 N8d7 17. Nc4 Qc7 18. Qxb4 Bf8 19. Nb6 Rb8 20. Bg5 Re8 21. Ra3 Nxb6 22. Bxf6 Nd7 23. Rc3 Nc5 24. a5 Be7 25. Bxe7 Qxe7 26. Nd2 Bxh3 27. Nc4 Nxd3 28. Rxd3 Bc8 29. Qxd6 Qxd6 30. Nxd6 Rd8 31. Rb6 Kf8 32. Rc3 Ke7 33. Rc7+ Bd7 34. c4 f5 35. Nxb7 Rdc8 36. Re6+ 1-0

[Event "Bad Ems op"]
[Site "Bad Ems"]
[Date "2005.02.12"]
[Round "1"]
[White "Taeger, Torsten"]
[Black "Moravek, Karl Peter"]
[Result "1-0"]
[WhiteElo "2147"]
[BlackElo "1882"]
[PlyCount "49"]
[EventDate "2005.02.12"]
[EventType "swiss"]
[EventRounds "9"]
[EventCountry "GER"]
[SourceTitle "EXT 2008"]
[Source "ChessBase"]
[SourceDate "2007.11.25"]
[SourceVersion "1"]
[SourceVersionDate "2007.11.25"]
[SourceQuality "1"]

1. e4 c5 2. Nc3 d6 3. f4 Nd7 4. Nf3 a6 5. d4 cxd4 6. Qxd4 e6 7. Be3 Qc7 8. Be2 Ne7 9. 0-0-0 Nc6 10. Qd2 Be7 11. g4 h6 12. h4 b6 13. g5 Bb7 14. Rhg1 hxg5 15. hxg5 Nc5 16. g6 f6 17. f5 exf5 18. Nd5 Qc8 19. exf5 Bf8 20. Rge1 Ne7 21. Bc4 Nxd5 22. Bxd5 Bxd5 23. Qxd5 Kd7 24. Bxc5 bxc5 25. Qf7+ 1-0

[Event "Rhein Main op 07th"]
[Site "Bad Homburg"]
[Date "2004.06.12"]
[Round "6.21"]
[White "Tuchtfeld, Juergen"]
[Black "Taeger, Torsten"]
[Result "1/2-1/2"]
[WhiteElo "1969"]
[BlackElo "2031"]
[PlyCount "83"]
[EventDate "2004.06.09"]
[EventType "swiss"]
[EventRounds "7"]
[EventCountry "GER"]
[SourceTitle "CBM 100 Extra"]
[Source "ChessBase"]
[SourceDate "2004.07.06"]
[SourceVersion "2"]
[SourceVersionDate "2004.07.06"]
[SourceQuality "1"]

1. d4 g6 2. c4 Bg7 3. e4 d6 4. Nc3 Nf6 5. f3 0-0 6. Be3 Nc6 7. Qd2 a6 8. Nge2 Rb8 9. Ng3 e5 10. d5 Nd4 11. Bd3 c5 12. 0-0 Kh8 13. Bg5 Qe8 14. Bh6 Bxh6 15. Qxh6 Ng8 16. Qd2 b5 17. b3 Bd7 18. Nce2 Nxe2+ 19. Qxe2 f6 20. Qd2 Qd8 21. Ne2 Qb6 22. h3 Kg7 23. Rae1 b4 24. Bc2 a5 25. f4 Qd8 26. Rf3 Qe7 27. f5 g5 28. g4 Qe8 29. h4 h6 30. Rh3 Ne7 31. Kg2 Rh8 32. Reh1 Qf7 33. Ng3 Rbg8 34. Kf3 Kf8 35. hxg5 Rxg5 36. Rxh6 Rxh6 37. Rxh6 Qg7 38. Rh4 Ng8 39. Qh2 Qe7 40. Rh8 Be8 41. Qh4 Qg7 42. Bd1 1/2-1/2